00425nam a2200133 a 4500008004100000050001600041100002200057245007600079260004000155300002200195350000900217650004000226650002500266120416s1976 ||||||||||||||||| || u aHF 5657 New aNewman, Maurice S10aFinancial accounting estimates through statistical sampling by computer aNew YorkbJohn Wiley and Sonsc1976 axvi, 247p. : ill. a0.00 0aACCOUNTING--HANDBOOKS, MANUALS, ETC aFINANCIAL ACCOUNTING